Visualizzazione normale
Vista MARC
- Pedercini Giuseppe
di Personal Name
Records bibliografici associati: 1
001 - CONTROL NUMBER
- control field: 2689
003 - CONTROL NUMBER IDENTIFIER
- control field: IT-RoPau
005 - DATE AND TIME OF LATEST TRANSACTION
- control field: 20131121104414.0
008 - FIXED-LENGTH DATA ELEMENTS
- fixed length control field: 131121|| aca||aabn | a|a d
040 ## - CATALOGING SOURCE
- Original cataloging agency: IT-RoPau
- Transcribing agency: IT-RoPau
100 ## - HEADING--PERSONAL NAME
- Personal name: Pedercini Giuseppe
- Dates associated with a name: Codice autore testo SPICS: 11062
- Relator term: Autore testo
- Name of part/section of a work: Intervista a Giuseppe Pedercini
670 ## - SOURCE DATA FOUND
- Source citation: Work cat.: (IT-RoPau)100289: Bersani Lello 2683, Stili dell'informazione radiofonica